| 000 | 01522cam a2200385 a 4500 | ||
|---|---|---|---|
| 001 | 2124813 | ||
| 003 | OSt | ||
| 005 | 20160727142902.0 | ||
| 008 | 970421s1997 flua b 000 1 eng | ||
| 010 | _a 97019959 | ||
| 020 | _a9781558745056 | ||
| 040 |
_aDLC _cDLC _dDLC |
||
| 042 | _alcac | ||
| 050 | 0 | 0 |
_aPZ 7 _b.M13745 1997 |
| 082 | 0 | 0 |
_aGS 158 _bC43m 2000 |
| 100 | 1 |
_aMcCourt, Lisa. _93979 |
|
| 245 | 1 | 0 |
_aChicken soup for little souls / _cstory adaptation by Lisa McCourt ; illustrations by Pat Porter. |
| 246 | 3 | 0 | _aGoodness Gorillas |
| 260 |
_aFlorida : _bHealth Communications, Inc, _cc2000. |
||
| 300 |
_a32 p. : _bcol. ill. ; _c31 cm. |
||
| 650 | 1 |
_aKindness _xFiction. _93980 |
|
| 650 | 1 |
_aConduct of life _xJuvenile fiction. _93981 |
|
| 650 | 1 |
_aChildren's stories, American. _93982 |
|
| 700 | 1 |
_aPorter, Pat Grant, _eill. _93984 |
|
| 700 | 1 |
_aHansen, Mark Victor. _93985 |
|
| 700 | 1 |
_aCanfield, Jack, _d1944- _tChicken soup for the soul. _93986 |
|
| 830 |
_aThe Goodness Gorillas _93987 |
||
| 856 | 4 | 2 |
_3Publisher description _uhttp://www.loc.gov/catdir/enhancements/fy0727/97019959-d.html |
| 856 | 4 | 2 |
_3Contributor biographical information _uhttp://www.loc.gov/catdir/enhancements/fy0735/97019959-b.html |
| 856 | 4 | 1 |
_3Sample text _uhttp://www.loc.gov/catdir/enhancements/fy0827/97019959-s.html |
| 906 |
_a7 _bcbc _corignew _d1 _eocip _f19 _gy-gencatlg |
||
| 942 |
_2lcc _cBK |
||
| 999 |
_c7787 _d7787 |
||